000 00504nam a2200193 a 4500
001 20066
003 CO-ViMGA
008 141112s2004 ck r 000 u spa d
020 _a9587040465
040 _aCO-ViMGA
_bspa
_cCO-ViMGA
082 0 4 _aPe863 V173p
100 1 _aVargas Llosa, Mario
245 1 0 _aEl Paraiso en la otra esquina
260 _aBogotá :
_bAguilar,
_c2003
300 _a485 p.
590 _aForma de adquisición : Premio Mincultura
650 1 4 _aNOVELA PERUANA
942 _2ddc
_cBK
999 _c29181
_d29181